000 00524nam a22001937a 4500
005 20240401124500.0
010 _aENG-139891
020 _a9788190515740
_c1195.00
035 _aEN-123423
037 _bDBAD
082 _a658
_21
100 _aSharma, Gaurav
_964078
245 _aGeneral Management/
_cBy Gaurav Sharma
250 _a1
260 _aDelhi
_bMukund Publication
_c2022
270 _aE-11/5, Krishana Nagar
_bDelhi
_e110051
300 _a296p.
_c22cm(Hb)
942 _2ddc
_cEN
_h658
_mSHA
_e1
999 _c201845
_d201845